000 00546cam a2200133 4500500
005 20260111091219.0
041 _afre
042 _adc
245 0 0 _aLes défis de l’Église au XXIe siècle, éd. Fr. Strazzari, Saint-Maurice, Saint-Augustin, 2001, 22x14, 198 p., 119 FF. ISBN 2-88011-242-7
260 _c2005.
500 _a5
786 0 _nNouvelle revue théologique | 127 | 1 | 2005-01-03 | p. 156l-164l | 0029-4845
856 4 1 _uhttps://shs.cairn.info/revue-nouvelle-revue-theologique-2005-1-page-156l?lang=fr&redirect-ssocas=7080
999 _c1620627
_d1620627